1560 1340 1013 1879 1883 1393 1002 1376 1407 1203 1310 1363 1852 1072 1791 1795 1841 1944 1494 1972 1509 1770 1006 2000 1380 1460 1673 1824 1764 1360 1595 1905 1290 1288 1671 1159 1626 1691 1075 1046 1893 1146 1331 1089 1866 1648 1604 1896 1401 1678 1445 1251 1767 1703 1633 1299 1256 1091 1416 1682 1630 1743 1883 1127 1822 1355 1642 1338 1549 1252 1791 1708 1998 1635 1980 1695 1646 1843 1074 1812 1775 1164 1774 1827 1543 1505 1630 1380 1012 1040 1331 1601 1171 1506 1414 1143 1484 1607 1809 BCNSPRNW ULIB Ver.6.0+V

เปลี่ยนเป็นภาษาไทย

Change to English
 แสดงรายละเอียดบรรณานุกรม
  กลับหน้าหลัก

Brief Record : Get Marc (ISO 2709) : E-mail record : QR code < ปิดหน้าต่าง
LEADER : 00000nam 2200000uu 4500
001    13399112560
003     ULIB
008    110627s2547||||th 000 0 tha d
099    วจ.WY20^bจ495ร 2547
100 0  จิรพร จันทรมณี
245 00 รายงานการวิจัย ความพร้อมในการเรียนรู้ด้วยตนเองของนักศึกษาพยาบาล วิทยาลัยพยาบาล บรมราชชนนี สวรรค์ประชารักษ์/^cจิรพร จันทรมณี
260    นครสวรรค์ :^bวิทยาลัยพยาบาล บรมราชชนนี สวรรค์ประชารักษ์,^c2547
300    78 หน้า
650  7 วิทยาลัยพยาบาล บรมราชชนนี สวรรค์ประชารักษ์
650  7 การเรียนรู้ด้วยต้นเอง^xวิจัย
945    ^p0^l0^i023543
995    ทศพร
999 ^a ใช้งานได้ทุกระบบ
รายการนี้ยังไม่มีแท็ก
คุณยังไม่ได้ล็อกอิน คุณสามารถมีกิจกรรมร่วมกับเว็บไซต์ได้ แต่ต้องล็อกอินก่อน ::
  ล็อกอิน

รายการสื่อสารสนเทศ

ลำดับที่ ประเภท เลขเรียก/บาร์โค้ด สถานที่ สถานะ
- ไม่พบข้อมูล -

รายการใกล้เคียง
    ผู้แต่ง [จิรพร จันทรมณี]

    หัวเรื่อง [วิทยาลัยพยาบาล บรมราชชนนี สวรรค์ประชารักษ์]

BibComment


ยังไม่เคยถูกคอมเมนท์

คอมเมนท์ทรัพยากรรายการนี้
  คอมเมนท์: รายงานการวิจัย คว..


 Copyright 2026. Bcnsprnw @Library